A new HUD : opportunity for all, 1997 consolidated report.

Bibliographic Details
Corporate Author: United States. Department of Housing and Urban Development
Format: Government Document Book
Language:English
Published: Washington, D.C. (451 Seventh Street, S.W., Washington 20410) : The Department, [1999?]
Subjects:

MARC

Tag First Indicator Second Indicator Subfields
LEADER 00000cam a2200000 a 4500
001 in00000005139
005 20150923130904.0
008 991126s1999 dcua f000 0 eng d
035 |a (OCoLC)42890524 
035 |9 AJJ0190AM 
040 |a GPO  |c GPO  |d DLC  |d MvI  |d UtOrBLW 
043 |a n-us--- 
049 |a UDOC 
074 |a 0582 
086 0 |a HH 1.2:OP 5/2/997 
110 1 |a United States.  |b Department of Housing and Urban Development. 
245 1 2 |a A new HUD :  |b opportunity for all, 1997 consolidated report. 
246 3 0 |a Opportunity for all, 1997 consolidated report 
264 1 |a Washington, D.C. (451 Seventh Street, S.W., Washington 20410) :  |b The Department,  |c [1999?] 
300 |a 80 pages :  |b illustrations (some color) ;  |c 28 cm. 
336 |a text  |b txt  |2 rdacontent 
337 |a unmediated  |b n  |2 rdamedia 
338 |a volume  |b nc  |2 rdacarrier 
500 |a Cover title. 
500 |a Shipping list number: 99-0282-P. 
500 |a Shipping List #: 99-0282-P 
500 |a Shipping List Date: 06/25/99 
610 1 0 |a United States.  |b Department of Housing and Urban Development  |x Management. 
650 0 |a Community development  |z United States  |x Finance. 
650 0 |a Discrimination in housing  |z United States. 
650 0 |a Housing policy  |z United States. 
999 |a MARS 
999 f f |s df51765d-5a4e-3d1b-af13-0484c1f9801f  |i 268f2763-bf31-3cfb-8eeb-06f64954022e  |t 0 
952 f f |p normal  |a Texas A&M University  |b College Station  |c Sterling C. Evans Library  |d Evans: US Documents (Annex 5th floor)  |t 0  |e HH 1.2:OP 5/2/997  |h Superintendent of Documents classification  |i unmediated -- volume  |m A14824270307 
998 f f |a HH 1.2:OP 5/2/997  |t 0  |l Evans: US Documents (Annex 5th floor)